Click Australian States and Territories on the Map by Abbreviations - Statistics

General Stats
  • This quiz has been taken 49 times
  • The average score is 7 of 8
Answers on the Map
Answers color-coded by a green-red scale on the quiz's map according to % correct below.
 
Answer Stats
Answer % Correct
NSW
89%
TAS
89%
NT
86%
WA
86%
QLD
83%
VIC
83%
SA
81%
ACT
75%
No matching quizzes found
Score Distribution
Percent of People with Each Score
Percentile by Number Answered
Your Score History
You have not taken this quiz